Catalog

Record Details

Catalog Search



Glaube ohne Werte : Jugend am Abgrund ; = Right from wrong: what you need to know to help youth make right choices Cover Image Book Book

Glaube ohne Werte : Jugend am Abgrund ; = Right from wrong: what you need to know to help youth make right choices Josh McDowell und Bob Hostetler

McDowell, Josh (Author). Hostetler, Bob (Added Author).

Record details

  • ISBN: 3-89397-252-8
  • Physical Description: 349 S.
  • Edition: 1. Aufl.
  • Publisher: Bielefeld Christliche Literatur Verbreitung 1997

Available copies

  • 1 of 1 copy available at Common Catalog SPOK.

Holds

  • 0 current holds with 1 total copy.
Show Only Available Copies
Location Call Number / Copy Notes Barcode Shelving Location Status Due Date
ETS Library 259.23 424470008782 Volný výběr Available -

LDR 00890nam a2 00265
00138275
003CZ-PrJAB
00520040322000000.0
008010206s1997 xr e |||| |ger
009ge
020 . ‡a3-89397-252-8
035 . ‡a(CONS)3168
035 . ‡aKPS8034
040 . ‡aABG450
041 . ‡ager
08214. ‡a259.23
100 . ‡7386 ‡aMcDowell, Josh
245 . ‡aGlaube ohne Werte : ‡bJugend am Abgrund ; = Right from wrong: what you need to know to help youth make right choices ‡cJosh McDowell und Bob Hostetler
250 . ‡a1. Aufl.
260 . ‡aBielefeld ‡bChristliche Literatur Verbreitung ‡c1997
300 . ‡a349 S.
653 . ‡aGlaube ohne Werte ‡aJugend am Abgrund ‡aRight from wrong: what you need to know to help youth make right choices
700 . ‡72462 ‡aHostetler, Bob
8524 . ‡bETS ‡bETS ‡cVolný výběr ‡j259.23 ‡gA ‡p424470008782
910 . ‡aABG450
999 . ‡a3168 ‡bAUTOGEN ‡c3168 ‡tbiblio
905 . ‡uadmin
901 . ‡a38275 ‡b ‡c38275 ‡tbiblio ‡sets

Additional Resources